| 000 | 00575pam a2200193 a 4500 | ||
|---|---|---|---|
| 020 | _a0070407193 : | ||
| 082 | 0 | 0 |
_a174.962 _bMAR _cm |
| 100 | 1 |
_aMartin, Mike W., _937133 |
|
| 245 | 1 | 0 |
_aEthics in engineering / _cMike W. Martin, Roland Schinzinger. |
| 250 | _a2nd ed. | ||
| 260 |
_aNew York : _bMcGraw-Hill, _cc1989. |
||
| 300 |
_axviii, 404 p. : _bill. ; _c23 cm. |
||
| 500 | _aIncludes indexes. | ||
| 526 |
_a0 _b0 _c0 _d174_962000000000000_MAR |
||
| 650 | 0 |
_aEngineering ethics. _937134 |
|
| 650 | 0 |
_aMCE _9379 |
|
| 700 | 1 |
_aSchinzinger, Roland. _937135 |
|
| 942 |
_2ddc _cBK |
||
| 999 |
_c542042 _d542042 |
||